Groups of 5 biggest cities - Statistics

General Stats
  • This quiz has been taken 1,174 times
    1,173 since last reset
  • The average score is 55 of 90
Answer Stats
Hint Answer % Correct
1. Berlin
99%
1. London
98%
1. New York
97%
1. Rome
96%
1. Tokyo
96%
2. Beijing
95%
2. Los Angeles
95%
2. RIO
95%
1. Sydney
95%
1. Cairo
94%
1. Mexico City
93%
3. Munich
92%
1. Toronto
91%
3. Chicago
90%
2. Delhi
90%
2. Melbourne
90%
2. Milan
90%
1. Shanghai
90%
1. Buenos Aires
89%
1. Mumbai
89%
1. Cape Town
88%
5. Frankfurt
87%
2. Hamburg
87%
4. Perth
87%
2. Birmingham
85%
1. Bogota
85%
3. Johannesburg
85%
3. Naples
85%
1. Sao Paulo
85%
4. Brasilia
84%
1. Auckland
83%
2. Montreal
83%
2. Alexandria
80%
3. Osaka
80%
4. Glasgow
79%
4. Houston
79%
1. Lagos
78%
4. Ottawa
78%
3. Brisbane
76%
5. Pretoria
76%
3. Leeds
74%
4. Guangzhou
73%
4. Kolkata
72%
5. Adelaide
71%
4. Cologne
71%
5. Philadelphia
70%
4. Turin
70%
2. Wellington
66%
2. Guadalajara
64%
3. Calgary
63%
3. Christchurch
63%
5. Edmonton
62%
3. Abuja
59%
5. Chennai
58%
3. Bangalore
57%
2. Durban
57%
1. Port Moresby
57%
2. Medellin
55%
5. Palermo
54%
5. Sapporo
50%
3. Monterrey
49%
3. Cali
48%
4. Nagoya
47%
5. Sheffield
45%
3. Tianjin
44%
2. Yokohama
44%
5. Shenzhen
42%
3. Salvador
40%
5. Fortaleza
37%
3. Giza
35%
2. Cordoba
34%
2. Kano
34%
3. Rosario
33%
4. Barranquilla
29%
4. Puebla
29%
5. Cartagena
26%
4. Ibadan
24%
4. Mendoza
20%
4. Port Said
19%
5. Suez
19%
5. Toluca
12%
4. Soweto
10%
2. Lae
9%
5. Kaduna
7%
5. San Miguel
7%
5. Madang
3%
4. Mount Hagen
3%
4. Manukau
2%
3. Arawa
1%
5. Waitakere
1%
No matching quizzes found
Score Distribution
Percent of People with Each Score
Percentile by Number Answered
Your Score History
You have not taken this quiz since the last reset